NBA Every Current Award Winner - Statistics

General Stats
  • This quiz has been taken 151 times
  • The average score is 31 of 40
Answer Stats
Hint Answer % Correct
Nuggets MVP (3) Nikola Jokic
100%
Bucks MVP (2), DPOY, MIP Giannis Antetokounmpo
99%
76ers MVP Joel Embiid
99%
Clippers MVP, 6MOTY James Harden
98%
Warriors MVP (2), CPOTY Steph Curry
98%
Suns MVP, ROTY Kevin Durant
97%
Lakers MVP (4), ROTY LeBron James
97%
Warriors DPOY Draymond Green
95%
Timberwolves DPOY (4) Rudy Gobert
95%
Spurs ROTY Victor Wembanyama
95%
Grizzlies DPOY Jaren Jackson Jr.
93%
Hornets ROTY LaMelo Ball
92%
Magic ROTY Paulo Banchero
92%
Nuggets MVP Russell Westbrook
92%
Grizzlies ROTY, MIP Ja Morant
91%
Raptors ROTY Scottie Barnes
89%
Lakers ROTY Luka Doncic
84%
Knicks ROTY Karl-Anthony Towns
79%
Mavericks ROTY Kyrie Irving
79%
Heat 6MOTY Tyler Herro
78%
76ers MIP Tyrese Maxey
78%
Grizzlies DPOY Marcus Smart
77%
Spurs ROTY Chris Paul
76%
Bucks ROTY Damian Lillard
72%
Pelicans MIP Brandon Ingram
71%
Heat MIP Jimmy Butler
70%
Timberwolves 6MOTY Naz Reid
69%
Spurs CPOTY De'Aaron Fox
67%
Clippers DPOY (2) Kawhi Leonard
66%
Jazz MIP Lauri Markkanen
66%
Warriors ROTY Andrew Wiggins
64%
Jazz 6MOTY Jordan Clarkson
63%
Nets ROTY Ben Simmons
60%
76ers MIP Paul George
60%
Timberwolves MIP Julius Randle
56%
Wizards ROTY, 6MOTY Malcolm Brogdon
53%
Pelicans MIP C.J. McCollum
50%
Pacers MIP Pascal Siakam
46%
Heat MIP Kevin Love
38%
76ers 6MOTY Eric Gordon
24%
No matching quizzes found
Score Distribution
Percent of People with Each Score
Percentile by Number Answered
Your Score History
You have not taken this quiz